| 000 | 01412nam a2200385 i 4500 | ||
|---|---|---|---|
| 001 | 8809 | ||
| 003 | ES-MaACL | ||
| 005 | 20240227093512.0 | ||
| 007 | t| | ||
| 008 | 921001s1992 sp |||| | spa d | ||
| 017 |
_aM 10904-1992 _bOficina Depósito Legal Madrid |
||
| 020 | _a8486884888 | ||
| 040 | _cES-MaACL | ||
| 080 | _a929-054.7(=1.460:72)"19":008 | ||
| 080 | _a821.134.2"19"(05) | ||
| 080 | _a050(72)"19" | ||
| 100 | 1 |
_aCaudet, Francisco, _d1942-2021 _eaut _937104 |
|
| 245 | 1 | 3 |
_aEl exilio republicano en México : _blas revistas literarias (1939-1971) / _cFrancisco Caudet ; [prólogo de Manuel Tuñón de Lara] |
| 260 |
_aMadrid : _bFundación Banco Exterior, _c[1992] |
||
| 300 |
_a651 páginas ; _c23 cm |
||
| 490 | 1 | _aInvestigaciones | |
| 500 | _aÍndice | ||
| 504 | _aBibliografía: páginas 647-651 | ||
| 650 | 1 | 7 |
_aPublicaciones periódicas- _zMéxico _9160017 |
| 650 | 7 |
_aExiliados españoles- _zMéxico- _xVida intelectual _9160018 |
|
| 650 | 4 |
_aLiteratura española- _xPublicaciones periódicas _914566 |
|
| 700 | 0 |
_aTuñón de Lara, Manuel, _d1915-1997 _eaui _9111681 |
|
| 710 | 2 |
_aFundación Banco Exterior. _94226 _eedt |
|
| 830 | 0 |
_aInvestigaciones _9178290 |
|
| 852 |
_aES-MaACL _jL-16060 _cDEPO2 _99063 |
||
| 852 | 4 |
_aES-MaACL _jN-8236 _cDEPOJ _zX-19 _zDuplicado _99062 |
|
| 942 |
_cMONOGRAFIA _n0 |
||
| 999 |
_c8809 _d8809 |
||